| 000 | 00958nam a22002417a 4500 | ||
|---|---|---|---|
| 999 |
_c18153 _d18153 |
||
| 003 | AR-CdUCM | ||
| 008 | 190513b ||||| |||| 00| 0 spa d | ||
| 040 |
_aMUNICIPALIDAD PROVINCIAL DEL CUSCO _cBIBLIOTECA MUNICIPAL DEL CUSCO |
||
| 082 |
_a373 / _bV52 |
||
| 100 |
_aVeron, Eliseo _938571 |
||
| 245 | _aLenguaje y comunicación social / | ||
| 260 |
_aBuenos Aires, _bTalleres Standard, _c1969. |
||
| 300 |
_a228 paginas ; _c21 cm. |
||
| 505 | _aContenido : Introducción hacia una ciencia de la comunicación social -- Lengua y connotación -- Origen, uso y codificación, base para cinco categorías de conducta no verbal -- estructuras semánticas y contra transferencia... | ||
| 650 |
_aEl lenguaje _97081 |
||
| 650 |
_aLa comunicacion _938572 |
||
| 650 |
_aConnotaciones _938573 |
||
| 700 |
_aPrieto, Luis J. _938574 |
||
| 700 |
_aSluzki, Carlos E. _938575 |
||
| 700 |
_aMasotta, Oscar _938576 |
||
| 942 |
_2ddc _cLIBROS |
||
| 945 |
_awnts _d2019-05-13 |
||